10 Najlepiej Sprzedających Się Telefonów w Historii - Statystyki

Ogólne statystyki
  • Ten quiz został rozwiązany 15 razy
  • Średni wynik to 1 z 10
Statystyki odpowiedzi
Marka Model % Poprawnych
Nokia 3310
100%
Nokia 3210
8%
Samsung E1100
8%
Motorola RAZR V3
8%
Nokia 1110
0%
Nokia 1200
0%
Nokia 1600
0%
Nokia 2600
0%
Nokia 5230
0%
Nokia 6600
0%
Nie znaleziono quizów pasujących do podanych kryteriów
Rozkład punktacji
Procent ludzi z każdym wynikiem
Percentyl według liczby udzielonych odpowiedzi
Twoja historia wyników
Nie rozwiązałeś tego quizu